<?xml version="1.0" encoding="UTF-8"?>
<record
    xmlns:xsi="http://www.w3.org/2001/XMLSchema-instance"
    xsi:schemaLocation="http://www.loc.gov/MARC21/slim http://www.loc.gov/standards/marcxml/schema/MARC21slim.xsd"
    xmlns="http://www.loc.gov/MARC21/slim">

  <leader>02155nam a22003137a 4500</leader>
  <controlfield tag="001">4574</controlfield>
  <controlfield tag="003">FISKH</controlfield>
  <controlfield tag="005">20240917105356.0</controlfield>
  <controlfield tag="008">240917b        cb ||||| |||| 00| 0 eng d</controlfield>
  <datafield tag="020" ind1=" " ind2=" ">
    <subfield code="a">9789996389276</subfield>
  </datafield>
  <datafield tag="040" ind1=" " ind2=" ">
    <subfield code="a">FISKH</subfield>
    <subfield code="b">Khmer</subfield>
    <subfield code="c">FISKH</subfield>
    <subfield code="d">FISKH</subfield>
  </datafield>
  <datafield tag="050" ind1=" " ind2=" ">
    <subfield code="a">PZ7</subfield>
  </datafield>
  <datafield tag="082" ind1=" " ind2=" ">
    <subfield code="a">800 </subfield>
  </datafield>
  <datafield tag="100" ind1=" " ind2=" ">
    <subfield code="a">Anonymous </subfield>
    <subfield code="e">author</subfield>
  </datafield>
  <datafield tag="245" ind1=" " ind2=" ">
    <subfield code="a">&#x1794;&#x1784;&#x1794;&#x17D2;&#x17A2;&#x17BC;&#x1793;&#x1796;&#x17B8;&#x179A;&#x1793;&#x17B6;&#x1780;&#x17CB; /</subfield>
    <subfield code="c">by Anonymous</subfield>
  </datafield>
  <datafield tag="250" ind1=" " ind2=" ">
    <subfield code="a">&#x1794;&#x17C4;&#x17C7;&#x1796;&#x17BB;&#x1798;&#x17D2;&#x1796;&#x1786;&#x17D2;&#x1793;&#x17B6;&#x17C6;&#x17E2;&#x17E0;&#x17E1;&#x17E5;</subfield>
  </datafield>
  <datafield tag="260" ind1=" " ind2=" ">
    <subfield code="a">&#x1797;&#x17D2;&#x1793;&#x17C6;&#x1796;&#x17C1;&#x1789;  :</subfield>
    <subfield code="b">&#x17A2;&#x1795;&#x17D2;&#x179F;&#x17BB;&#x1780; ;</subfield>
    <subfield code="c">&#x17E2;&#x17E0;&#x17E1;&#x17E5; .</subfield>
  </datafield>
  <datafield tag="300" ind1=" " ind2=" ">
    <subfield code="a">12 pages : </subfield>
    <subfield code="b">color illustrations ;</subfield>
    <subfield code="c">22 cm . </subfield>
  </datafield>
  <datafield tag="490" ind1=" " ind2=" ">
    <subfield code="a">&#x1793;&#x17B8;&#x1791;&#x17B6;&#x1793;&#x17A2;&#x1794;&#x17CB;&#x179A;&#x17C6;&#x179F;&#x1798;&#x17D2;&#x179A;&#x17B6;&#x1794;&#x17CB;&#x1780;&#x17BB;&#x1798;&#x17B6;&#x179A;</subfield>
  </datafield>
  <datafield tag="505" ind1=" " ind2=" ">
    <subfield code="a">H 
</subfield>
  </datafield>
  <datafield tag="520" ind1=" " ind2=" ">
    <subfield code="a">&#x1798;&#x17B6;&#x1793;&#x179F;&#x17D2;&#x179C;&#x17B6;&#x1796;&#x17B8;&#x179A;&#x1780;&#x17D2;&#x1794;&#x17B6;&#x179B;&#x1787;&#x17B6;&#x1794;&#x1784;&#x1794;&#x17D2;&#x17A2;&#x17BC;&#x1793;&#x1793;&#x17BA;&#x1784;&#x1782;&#x17D2;&#x1793;&#x17B6; &#x17D4; &#x1790;&#x17D2;&#x1784;&#x17C3;&#x1798;&#x17BD;&#x1799;&#x1796;&#x17BD;&#x1780;&#x1782;&#x17C1;&#x1794;&#x17B6;&#x1793;&#x1793;&#x17B6;&#x17C6;&#x1782;&#x17D2;&#x1793;&#x17B6;&#x1785;&#x17BC;&#x179B;&#x1796;&#x17D2;&#x179A;&#x17C3;&#x178A;&#x17BE;&#x1798;&#x17D2;&#x1794;&#x17BE;&#x1791;&#x17C5;&#x179B;&#x17C1;&#x1784;&#x1798;&#x17D2;&#x178F;&#x17B6;&#x1799;&#x17D4; &#x1793;&#x17C5;&#x1780;&#x17D2;&#x1793;&#x17BB;&#x1784;&#x1796;&#x17D2;&#x179A;&#x17C3;&#x1798;&#x17B6;&#x1793;&#x1796;&#x17D2;&#x179A;&#x17B6;&#x1793;&#x1796;&#x17D2;&#x179A;&#x17C3;&#x178A;&#x17CF;&#x179F;&#x17B6;&#x17A0;&#x17B6;&#x179C;&#x1798;&#x17D2;&#x1793;&#x17B6;&#x1780;&#x17CB;&#x1782;&#x17C1;&#x1785;&#x1784;&#x17CB;&#x179F;&#x1798;&#x17D2;&#x179B;&#x17B6;&#x1794;&#x17CB;&#x1798;&#x17C1;&#x179F;&#x17D2;&#x179C;&#x17B6; &#x179F;&#x17D2;&#x179C;&#x17B6;&#x1794;&#x1784;&#x1780;&#x17CF;&#x1783;&#x17B6;&#x178F;&#x17CB; &#x1797;&#x17D2;&#x179B;&#x17B6;&#x1798;&#x1793;&#x17C4;&#x17C7;&#x179F;&#x17D2;&#x179C;&#x17B6;&#x1794;&#x17D2;&#x17A2;&#x17BC;&#x1793;&#x1780;&#x17CF;&#x1798;&#x1780;&#x178A;&#x179B;&#x17CB; &#x178A;&#x17C4;&#x1799;&#x1780;&#x17D2;&#x178F;&#x17B8;&#x179B;&#x17C4;&#x1797;&#x179B;&#x1793;&#x17CB;&#x1796;&#x17D2;&#x179A;&#x17B6;&#x1793;&#x1796;&#x17D2;&#x179A;&#x17C3;&#x1780;&#x17CF;&#x179F;&#x17C6;&#x179B;&#x17B6;&#x1794;&#x17CB;&#x179F;&#x17D2;&#x179C;&#x17B6;&#x1791;&#x17B6;&#x17C6;&#x1784;&#x1794;&#x17B8; &#x17D4;&#x1797;&#x17D2;&#x179B;&#x17B6;&#x1798;&#x1793;&#x17C4;&#x17C7;&#x1796;&#x17D2;&#x179A;&#x17B6;&#x1793;&#x1796;&#x17D2;&#x179A;&#x17C3;&#x1794;&#x17B6;&#x1793;&#x1783;&#x17BE;&#x1789;&#x1794;&#x17D2;&#x179A;&#x1796;&#x1793;&#x17D2;&#x1792;&#x1793;&#x17B7;&#x1784;&#x1780;&#x17BC;&#x1793;&#x179A;&#x1794;&#x179F;&#x17CB;&#x1781;&#x17D2;&#x179B;&#x17BD;&#x1793;&#x179F;&#x17D2;&#x179B;&#x17B6;&#x1794;&#x17CB;&#x178C;&#x17C4;&#x1799;&#x179F;&#x17B6;&#x179A;&#x179A;&#x1793;&#x17D2;&#x1791;&#x17C7;&#x1794;&#x17B6;&#x1789;&#x17CB; &#x17A0;&#x17BE;&#x1799;&#x1780;&#x17CF;&#x178F;&#x17D2;&#x179A;&#x17BC;&#x179C;&#x179F;&#x17D2;&#x179B;&#x17B6;&#x1794;&#x17CB;&#x178A;&#x17C4;&#x1799;&#x179F;&#x17B6;&#x179A;&#x1796;&#x17D2;&#x179A;&#x17C7;&#x1792;&#x179A;&#x178E;&#x17B8;&#x179F;&#x17D2;&#x179A;&#x17BC;&#x1794;&#x200B;&#x17D4;&#x200B;</subfield>
  </datafield>
  <datafield tag="520" ind1=" " ind2=" ">
    <subfield code="a">There are two monkeys as brothers. One day, they went into the forest to visit their mother.In the forest, there was a ferocious hunter who wanted to kill the monkey. The monkey stopped him. The monkey came and greedily killed the three monkeys. And also died by the earth.</subfield>
  </datafield>
  <datafield tag="521" ind1="8" ind2=" ">
    <subfield code="a">430 
</subfield>
    <subfield code="b">Lexile estimate 
</subfield>
  </datafield>
  <datafield tag="521" ind1="8" ind2=" ">
    <subfield code="a">H 
</subfield>
    <subfield code="b">Raz-Plus 
</subfield>
  </datafield>
  <datafield tag="650" ind1=" " ind2=" ">
    <subfield code="a">&#x1796;&#x17D2;&#x179A;&#x17B6;&#x1793;&#x1796;&#x17D2;&#x179A;&#x17C3;</subfield>
  </datafield>
  <datafield tag="650" ind1=" " ind2=" ">
    <subfield code="a">hunter</subfield>
  </datafield>
  <datafield tag="942" ind1=" " ind2=" ">
    <subfield code="2">ddc</subfield>
    <subfield code="c">KHB</subfield>
    <subfield code="n">0</subfield>
  </datafield>
  <datafield tag="999" ind1=" " ind2=" ">
    <subfield code="c">4574</subfield>
    <subfield code="d">4574</subfield>
  </datafield>
  <datafield tag="952" ind1=" " ind2=" ">
    <subfield code="0">1</subfield>
    <subfield code="1">0</subfield>
    <subfield code="2">ddc</subfield>
    <subfield code="4">0</subfield>
    <subfield code="7">0</subfield>
    <subfield code="8">KH</subfield>
    <subfield code="a">001</subfield>
    <subfield code="b">001</subfield>
    <subfield code="c">TTP Khmer</subfield>
    <subfield code="d">2024-09-17</subfield>
    <subfield code="l">1</subfield>
    <subfield code="o">ANO PZ7 800</subfield>
    <subfield code="p">FIS03845</subfield>
    <subfield code="q">2025-07-29</subfield>
    <subfield code="r">2025-07-15 16:17:00</subfield>
    <subfield code="s">2025-07-15</subfield>
    <subfield code="t">1</subfield>
    <subfield code="w">2024-09-17</subfield>
    <subfield code="y">KHB</subfield>
    <subfield code="z">Lost</subfield>
  </datafield>
  <datafield tag="952" ind1=" " ind2=" ">
    <subfield code="0">0</subfield>
    <subfield code="1">0</subfield>
    <subfield code="2">ddc</subfield>
    <subfield code="4">0</subfield>
    <subfield code="7">0</subfield>
    <subfield code="8">KH</subfield>
    <subfield code="a">001</subfield>
    <subfield code="b">002</subfield>
    <subfield code="c">TTP Khmer</subfield>
    <subfield code="d">2024-09-17</subfield>
    <subfield code="l">1</subfield>
    <subfield code="o">ANO PZ7 800</subfield>
    <subfield code="p">FIS03965</subfield>
    <subfield code="r">2025-09-30 10:23:19</subfield>
    <subfield code="s">2025-07-15</subfield>
    <subfield code="t">2</subfield>
    <subfield code="w">2024-09-17</subfield>
    <subfield code="y">KHB</subfield>
  </datafield>
  <datafield tag="952" ind1=" " ind2=" ">
    <subfield code="0">0</subfield>
    <subfield code="1">0</subfield>
    <subfield code="2">ddc</subfield>
    <subfield code="4">0</subfield>
    <subfield code="7">0</subfield>
    <subfield code="8">KH</subfield>
    <subfield code="a">001</subfield>
    <subfield code="b">001</subfield>
    <subfield code="c">OKHR</subfield>
    <subfield code="d">2025-09-02</subfield>
    <subfield code="l">0</subfield>
    <subfield code="o">ANO PZ7 800</subfield>
    <subfield code="p">FISTKG2B046</subfield>
    <subfield code="r">2025-09-02 15:59:17</subfield>
    <subfield code="t">3</subfield>
    <subfield code="w">2025-09-02</subfield>
    <subfield code="y">KHB</subfield>
  </datafield>
  <datafield tag="952" ind1=" " ind2=" ">
    <subfield code="0">0</subfield>
    <subfield code="1">0</subfield>
    <subfield code="2">ddc</subfield>
    <subfield code="4">0</subfield>
    <subfield code="7">0</subfield>
    <subfield code="8">KH</subfield>
    <subfield code="a">001</subfield>
    <subfield code="b">001</subfield>
    <subfield code="c">OKHR</subfield>
    <subfield code="d">2025-09-02</subfield>
    <subfield code="l">1</subfield>
    <subfield code="o">ANO PZ7 800</subfield>
    <subfield code="p">FISTK04579</subfield>
    <subfield code="r">2026-03-16 09:32:14</subfield>
    <subfield code="s">2025-10-10</subfield>
    <subfield code="t">4</subfield>
    <subfield code="w">2025-09-02</subfield>
    <subfield code="y">KHB</subfield>
  </datafield>
  <datafield tag="952" ind1=" " ind2=" ">
    <subfield code="0">0</subfield>
    <subfield code="1">0</subfield>
    <subfield code="2">ddc</subfield>
    <subfield code="4">0</subfield>
    <subfield code="7">0</subfield>
    <subfield code="8">KH</subfield>
    <subfield code="a">001</subfield>
    <subfield code="b">001</subfield>
    <subfield code="c">OKHR</subfield>
    <subfield code="d">2025-09-02</subfield>
    <subfield code="l">1</subfield>
    <subfield code="o">ANO PZ7 800</subfield>
    <subfield code="p">FISBK03767</subfield>
    <subfield code="r">2026-03-16 09:32:36</subfield>
    <subfield code="s">2025-10-10</subfield>
    <subfield code="t">5</subfield>
    <subfield code="w">2025-09-02</subfield>
    <subfield code="y">KHB</subfield>
  </datafield>
  <datafield tag="952" ind1=" " ind2=" ">
    <subfield code="0">0</subfield>
    <subfield code="1">0</subfield>
    <subfield code="2">ddc</subfield>
    <subfield code="4">0</subfield>
    <subfield code="7">0</subfield>
    <subfield code="8">KH</subfield>
    <subfield code="a">002</subfield>
    <subfield code="b">002</subfield>
    <subfield code="c">TTP Khmer</subfield>
    <subfield code="d">2025-10-03</subfield>
    <subfield code="l">0</subfield>
    <subfield code="o">ANO PZ7 800</subfield>
    <subfield code="p">FISBK072210</subfield>
    <subfield code="r">2025-10-03 16:07:41</subfield>
    <subfield code="t">6</subfield>
    <subfield code="w">2025-10-03</subfield>
    <subfield code="y">KHB</subfield>
  </datafield>
  <datafield tag="952" ind1=" " ind2=" ">
    <subfield code="0">0</subfield>
    <subfield code="1">0</subfield>
    <subfield code="2">ddc</subfield>
    <subfield code="4">0</subfield>
    <subfield code="7">0</subfield>
    <subfield code="8">KH</subfield>
    <subfield code="a">002</subfield>
    <subfield code="b">002</subfield>
    <subfield code="c">TTP Khmer</subfield>
    <subfield code="d">2025-10-22</subfield>
    <subfield code="l">0</subfield>
    <subfield code="o">ANO PZ7 800</subfield>
    <subfield code="p">2025-4698</subfield>
    <subfield code="r">2025-10-22 09:30:41</subfield>
    <subfield code="t">7</subfield>
    <subfield code="w">2025-10-22</subfield>
    <subfield code="y">KHB</subfield>
  </datafield>
  <datafield tag="952" ind1=" " ind2=" ">
    <subfield code="0">0</subfield>
    <subfield code="1">0</subfield>
    <subfield code="2">ddc</subfield>
    <subfield code="4">0</subfield>
    <subfield code="7">0</subfield>
    <subfield code="8">KH</subfield>
    <subfield code="a">002</subfield>
    <subfield code="b">002</subfield>
    <subfield code="c">TTP Khmer</subfield>
    <subfield code="d">2025-10-24</subfield>
    <subfield code="l">0</subfield>
    <subfield code="o">ANO PZ7 800</subfield>
    <subfield code="p">FIS03926</subfield>
    <subfield code="r">2025-10-24 15:22:59</subfield>
    <subfield code="t">8</subfield>
    <subfield code="w">2025-10-24</subfield>
    <subfield code="y">KHB</subfield>
  </datafield>
  <datafield tag="952" ind1=" " ind2=" ">
    <subfield code="0">0</subfield>
    <subfield code="1">0</subfield>
    <subfield code="2">ddc</subfield>
    <subfield code="4">0</subfield>
    <subfield code="7">0</subfield>
    <subfield code="8">KH</subfield>
    <subfield code="a">002</subfield>
    <subfield code="b">002</subfield>
    <subfield code="c">TTP Khmer</subfield>
    <subfield code="d">2025-11-11</subfield>
    <subfield code="l">0</subfield>
    <subfield code="o">ANO PZ7 800</subfield>
    <subfield code="p">FIS03946</subfield>
    <subfield code="r">2025-11-11 14:20:07</subfield>
    <subfield code="t">9</subfield>
    <subfield code="w">2025-11-11</subfield>
    <subfield code="y">KHB</subfield>
  </datafield>
  <datafield tag="952" ind1=" " ind2=" ">
    <subfield code="0">0</subfield>
    <subfield code="1">0</subfield>
    <subfield code="2">ddc</subfield>
    <subfield code="4">0</subfield>
    <subfield code="7">0</subfield>
    <subfield code="8">KH</subfield>
    <subfield code="a">002</subfield>
    <subfield code="b">002</subfield>
    <subfield code="c">TTP Khmer</subfield>
    <subfield code="d">2025-12-11</subfield>
    <subfield code="l">0</subfield>
    <subfield code="o">ANO PZ7 800</subfield>
    <subfield code="p">FIS04357</subfield>
    <subfield code="r">2025-12-11 10:14:30</subfield>
    <subfield code="t">10</subfield>
    <subfield code="w">2025-12-11</subfield>
    <subfield code="y">KHB</subfield>
  </datafield>
</record>
